Domy a usedlosti zaniklé středověké vsi Bystřece (Úvahy o výpovědních schopnostech nálezových situací a způsobu prezentace dokumentace)
| Titel: | Domy a usedlosti zaniklé středověké vsi Bystřece (Úvahy o výpovědních schopnostech nálezových situací a způsobu prezentace dokumentace) |
|---|---|
| Verfasser: | |
| In: |
Archeologické rozhledy, Band 59, Heft 3 (2007), Seite 592-624 alle Artikel anzeigen |
| Veröffentlicht: | 2007 |
| Format: | Aufsatz |
| Sprache: | Tschechisch |
X
alg: 39516849
001A $01999:12-11-16
001B $01999:09-08-21 $t17:41:49.000
001C $06050:19-11-16 $t08:50:28.000
001D $01999:12-11-16
001U $0utf8
001X $00
002@ $0Aox
003@ $039516849X
007A $039516849X $aHEB
007T $0Herdp34740
010@ $acze
011@ $a2007
021A $aDomy a usedlosti zaniklé středověké vsi Bystřece (Úvahy o výpovědních schopnostech nálezových situací a způsobu prezentace dokumentace)
028A $aKypta $dJan
031A $d59 $e3 $h592-624 $j2007
039B $aIn $8--Abvc--. Archeologické rozhledy. - Praha, 1949-. - ISSN 0323-1267 $x200700000590003408 $9047286156
039T $8--Aau--Belcredi, Ludvík [Tnx]. Bystřec. - Brno : Muzejní a vlastivědna společnost {[u.a.] :, 2006. - 482 S.. - Ill., graph. Darst.. - ISBN 80-7275-063-1 $9179071076
045F $a900.94371 $eDDC23BSB
045F/01 $a900
045F/03 $g4371
045T $a6,14 $a6,11 $a6,12
lok: 39516849 78
exp: 39516849 78 1 #EPN
201B/01 $026-11-17 $t04:03:13.000
201U/01 $0utf8
203@/01 $0791474240
208@/01 $a12-11-16 $be
209A/01 $a/ $f000 $x00
220C/01 $aHerkunft: Hú Av Čr Praha
244Z/01 $#Tschechien $#Tschechische Republik $#Tschechische Republik $#Tschechenland $#Tschechei Tschechien $#Česká Republika $#Czech Republic $#ČR $74303381-7 $8--Tg1--Tschechien $x01 $9086659812
244Z/01 $2Trx $#Böhmen $#Bohemia $#Czechy $8--Trx--Čechy $x02 $9391188941
244Z/01 $2Trx $#arvustused $#recenzijos $#Reviews $#recenziók $#recenzje $#recenzie $#recenze $8--Trx--Rezensionen $x03 $9391357441
247C/01 $82080>Marburg/Lahn, Herder-Institut, Forschungsbibliothek, Bibliographieportal $9336309341
| LEADER | 00000caa a22000002c 4500 | ||
|---|---|---|---|
| 001 | 39516849X | ||
| 003 | DE-603 | ||
| 005 | 20210809174149.0 | ||
| 007 | tu | ||
| 008 | 161112s2007 xx |||| | u00||u|cze c | ||
| 035 | |a (DE-599)HEB39516849X | ||
| 040 | |a DE-603 |b ger |c DE-603 |d DE-603 | ||
| 041 | |a cze | ||
| 082 | 0 | 4 | |8 1\u |a 900.94371 |q DE-101 |2 23/BSB |
| 084 | |a 6,14 |a 6,11 |a 6,12 |2 ssgn | ||
| 085 | |8 1\u |b 900 | ||
| 085 | |8 1\u |z 2 |s 4371 | ||
| 100 | 1 | |a Kypta, Jan | |
| 245 | 0 | 0 | |a Domy a usedlosti zaniklé středověké vsi Bystřece (Úvahy o výpovědních schopnostech nálezových situací a způsobu prezentace dokumentace) |
| 264 | 0 | |c 2007 | |
| 773 | 0 | 8 | |i In |t Archeologické rozhledy |d Praha, 1949- |x 0323-1267 |g Band 59, Heft 3 (2007), Seite 592-624 |w (DE-603)047286156 |w (DE-600)205634-3 |
| 787 | 0 | 8 | |i Rezension von |a Belcredi, Ludvík |t Bystřec |d Brno : Muzejní a vlastivědna společnost [u.a.] :, 2006 |h 482 S., Ill., graph. Darst. |z 8072750631 |w (DE-603)179071076 |
| 924 | 0 | |9 2080 |a (DE-603)791474240 |b DE-2080 |c HES |d d |g / | |


